Sports Quiz

Random Sports or MLB Quiz

3 World Series Wins in 10 Years Quiz Stats

 Plays Quiz Updated Oct 3, 2016

Support Sporcle.
Go Orange.
Score 0/22 Timer 01:00
8 Plays Today
Years Team % Correct
1923-1932 (4)New York Yankees
99.2%
1927-1936 (4)New York Yankees
99.2%
1928-1937 (4)New York Yankees
99.2%
1932-1941 (6)New York Yankees
99.2%
1936-1943 (6)New York Yankees
99.2%
1938-1947 (5)New York Yankees
99.2%
1941-1950 (5)New York Yankees
99.2%
1943-1952 (6)New York Yankees
99.2%
1947-1953 (6)New York Yankees
99.2%
1949-1958 (7)New York Yankees
99.2%
1952-1961 (4)New York Yankees
99.2%
Years Team % Correct
1953-1962 (4)New York Yankees
99.2%
1996-2000 (4)New York Yankees
99.2%
1912-1918 (4)Boston Red Sox
95.4%
2004-2013 (3)Boston Red Sox
95.4%
2010-2014 (3)San Francisco Giants
91.3%
1955-1963 (3)Brooklyn/Los Angeles Dodgers
83.5%
1959-1965 (3)Los Angeles Dodgers
83.5%
1926-1934 (3)St. Louis Cardinals
77.4%
1942-1947 (3)St. Louis Cardinals
77.4%
1972-1974 (3)Oakland Athletics
77.1%
1910-1913 (3)Philadelphia Athletics
76.9%

You're not logged in!

Compare scores with friends on all Sporcle quizzes.
OR
Log In

From the Vault

#9 Athletes

by NYYanks

If you know your sports, this quiz should be a breeze.
Remove Ads.
Support Sporcle.
Get the best of Sporcle when you Go Orange. This ad-free experience offers more features, more stats, and more fun while also helping to support Sporcle. Thank you for becoming a member.

Show Comments

Extras

Top Quizzes Today


Score Distribution

Your Account Isn't Verified!

In order to create a playlist on Sporcle, you need to verify the email address you used during registration. Go to your Sporcle Settings to finish the process.

Report this User

Report this user for behavior that violates our Community Guidelines.

Details: